| 000 | 00589nam a22001817a 4500 | ||
|---|---|---|---|
| 999 |
_c170356 _d170356 |
||
| 005 | 20191213131314.0 | ||
| 010 | _aENG-127126 | ||
| 020 |
_c1300.00 _a9789387306080 |
||
| 035 | _aEN-110658 | ||
| 037 | _bDBAD/PUB | ||
| 082 | _a954.42 | ||
| 100 | _aSharma, D.P | ||
| 245 |
_aNew Harappan discoveries in North Rajasthan and Punjab / _cby D.P.Sharma |
||
| 260 |
_aVaranasi _bPrachya Vidya Bhawan _c2019 |
||
| 270 |
_aB5/25, Oudhgarvi Sonarpura _bVaranasi _e221001 _k19839078959 _mprachyab@gmail.com |
||
| 300 |
_axv;166p. _c22cm(Hb) _bill. |
||
| 942 |
_2ddc _cEN _h954.42 _mSHA |
||